000 00359nam a2200145Ia 4500
008 231217s9999 xx 000 0 und d
041 _aEnglish
082 _a658.8 PAY `R'
100 _aPayne, Adrian
245 4 _aThe essence of service marketing
260 _c1993
_bNew Delhi : PHI,
300 _ax+253
650 _aService marketing
942 _cAA
999 _c166499
_d166499